Регионална библиотека "Любен Каравелов" - Русе

Марго (Запис номер 420784)

MARC детайли
000 -Лидер
Контролно поле с фиксирана дължина nam a22 a 4500
003 - Код на организацията, давaща контролен номер
Контролно поле BLK
005 - Дата и час на последна редакция
Контролно поле 20210621221849.0
008 - Елементи от данни с фиксирана дължина
fixed length control field 210621b bu |||||r|||| 00| 0 bu d
040 ## - Източник на каталожния запис
Идентификатор на билиотеката - собственик на записа BLK
041 ## - Код за език
Код за езика на текст/звукозапис или на отделно заглавие Български
Код за езика КДБФ Български
080 ## - УДК
Текстов определител УДК Френска литература
УДК код - определител по УДК 821.133.1
УДК определител -32
УДК - код + определител 821.133.1-32
100 ## - Редна дума - Автор
R(LIN) 258523
Автор Мюсе, Алфред дьо
Авторска отговорност първи автор
139 ## - Редно поле
Редна дума Мюсе, Алфред дьо
Авторски знак Мю - М 98
245 ## - Сведения за заглавието
Заглавие Марго
Подзаглавни данни Повест
Редно поле (дума) Алфред дьо Мюсе ; прев. от ориг. Т. Христов-Кардамин
260 ## - Област на издателските данни
9 (RLIN) 215552
Място на издаване, разпространение и проч. София
Име на издателя, разпространителя и проч. Акация
Година на издаване 1930
Печатница (София : [С. М. Стайков])
300 ## - Физическа характеристика
Страници 96 с.
Илюстрации и др. с портр.
Размери/Мащаб 14 см
380 ## - Жанр
Жанр Худож. лит.
490 ## - СЕРИИ (Колекции)
9 (RLIN) 205853
Име на серия Литературно-художествено четиво
№: серия № 7
700 ## - Други автори (авторска отговорност)
9 (RLIN) 1107
Лично име Христов-Кардамин, Тодор
Автороска отговорност (Описва отношението между автора и произведението) прев. от ориг.
852 ## - Местоположение
Форматна сигнатура Цб 8.140.5717
Фондова буква Основен фонд - ползва се само за читалня
999 ## - СИСТЕМНИ КОНТРОЛНИ НОМЕРА
Koha biblionumber 420784
Koha biblioitemnumber 420784
942 ## - АРТИКУЛИ
Вид на библиотечния материал Книги
Скрит в OPAC Не
Периодичен библиозапис Да
944 ## - СЪЗДАВАНЕ И РЕДАКЦИЯ на ЗАПИСА
Създаване/Редакция Създаване
Дата на регистрацията/редакция 2021-06-21
Служител, извършил регистрацията/редакцията ВП
Наличности
Код за отписване Код за изгубен артикул Източник на класификационната схема Код за повреда Коз за рестрикции Код за отдаване Артикулен № Име на библиотеката - собственик Име на библиотеката, в която се намира в момента Статус (Текущо местоположение) Дата на вписване в системата Местоположение - отдел Цена в лева Инвентарен номер Систематично азбучна сигнатура Баркод Цена в евро Служебен тип на артикула
  Не е изгубен Universal Decimal Classification Не е повреден само за читалня ползва се в читалня 839511 Регионална библиотека "Любен Каравелов" Русе Регионална библиотека "Любен Каравелов" Русе Хранилище 2021-06-28 Основен фонд - ползва се само за читалня 0.08 5717 Цб 8.140.5717 900000065486 0.04 Книги
Vip Innovations Ltd, Rousse, Bulgaria 2025